000 00896nam a2200289 i 4500
001 4472
005 20260224165341.0
007 ta
008 160601s2003 ck a gs 000 f spa d
020 _a9587040309
020 _a9789587040302
040 _aCO-BoRNBP
_bspa
_cCO-BoRNBP
_erda
084 _aN TOL2
100 1 _aToledo Zamora, Fernando
_d1948-2014
_eautor
_969178
245 1 0 _aLiturgia de difuntos
_cFernando Toledo Zamora
250 _aPrimera reimpresión
264 1 _aBogotá
_bAlfaguara
_c2003
300 _a222 páginas
_c24 cm
336 _atexto
_btxt
_2rdacontent
337 _asin mediación
_bn
_2rdamedia
338 _avolumen
_bnc
_2rdacarrier
650 1 4 _aNovela colombiana
_ySiglo XX
_2LEMB
_9426
650 1 4 _aLiteratura colombiana
_ySiglo XX
_2LEMB
_9427
650 1 4 _aInquisición
_vNovela
_2LEMB
_969179
650 1 4 _aSefarditas
_vNovela
_2LEMB
_969180
942 _2loc
_cBKLIT
999 _c4472
_d4472